[Event "7. Festival GEMA - Cerrado GM"]
[Site "Mondariz-Balneario ESP"]
[Date "2007.12.26"]
[Round "1.2"]
[White "Zhao, Zong-Yuan"]
[Black "Vega Gutierrez, Sabrina"]
[Result "1-0"]
[WhiteElo "2491"]
[BlackElo "2331"]
[PlyCount "53"]
[EventDate "2007.12.26"]
[EventType "tourn"]
[EventRounds "9"]
[EventCountry "ESP"]
[Source "lmi"]
[SourceDate "2007.12.26"]

1. e4 c5 2. Nf3 e6 3. c3 d5 4. e5 a6 5. d4 Qb6 6. Bd3 Bd7 7. O-O cxd4 8. cxd4
Bb5 9. Nc3 Bxd3 10. Qxd3 Nc6 11. Be3 Nge7 12. Rfc1 Nc8 13. a3 a5 14. Na4 Qa6
15. Qb3 b5 16. Nc5 Qb6 17. Qd3 N8a7 18. Rc2 h6 19. Rac1 Be7 20. b3 Rd8 21. Qd2
b4 22. a4 O-O 23. Bxh6 gxh6 24. Qxh6 Nb8 25. Ng5 Bxg5 26. Qxg5+ Kh7 27. Rc3 1-0

[Event "7. Festival GEMA - Cerrado GM"]
[Site "Mondariz-Balneario ESP"]
[Date "2007.12.26"]
[Round "1.3"]
[White "Larino Nieto, David"]
[Black "Galego, Luis"]
[Result "1-0"]
[WhiteElo "2428"]
[BlackElo "2530"]
[PlyCount "65"]
[EventDate "2007.12.26"]
[EventType "tourn"]
[EventRounds "9"]
[EventCountry "ESP"]
[Source "lmi"]
[SourceDate "2007.12.26"]

1. e4 e6 2. d4 d5 3. Nd2 dxe4 4. Nxe4 Nd7 5. Bd3 Ngf6 6. Qe2 Nxe4 7. Bxe4 Be7
8. Nf3 O-O 9. O-O Nf6 10. Bf4 c6 11. c4 a5 12. Bc2 b6 13. Rfd1 Bb7 14. Ng5 Qc8
15. Be5 g6 16. Ne4 Nxe4 17. Bxe4 c5 18. d5 exd5 19. cxd5 Bg5 20. h4 Bxh4 21. d6
Bxe4 22. Qxe4 Qe6 23. Qf4 f6 24. Bc3 Bg5 25. Qf3 Rab8 26. Rd5 f5 27. d7 Rbd8
28. Rad1 Rf7 29. Re5 Qxa2 30. Re8+ Rf8 31. Qe2 Qb3 32. Rd6 Kf7 33. Qe5 1-0

[Event "7. Festival GEMA - Cerrado GM"]
[Site "Mondariz-Balneario ESP"]
[Date "2007.12.26"]
[Round "1.4"]
[White "Movsziszian, Karen"]
[Black "Ortega Hermida, Daniel"]
[Result "0-1"]
[WhiteElo "2531"]
[BlackElo "2389"]
[PlyCount "65"]
[EventDate "2007.12.26"]
[EventType "tourn"]
[EventRounds "9"]
[EventCountry "ESP"]
[Source "lmi"]
[SourceDate "2007.12.26"]

1. e4 c5 2. Nf3 Nf6 3. d3 d5 4. Nbd2 Nc6 5. g3 e5 6. Bg2 Bd6 7. O-O O-O 8. c3
d4 9. cxd4 cxd4 10. Nc4 Bc7 11. a4 a6 12. b3 Bg4 13. h3 Bxf3 14. Bxf3 b5 15.
Na3 Bd6 16. Bd2 Bb4 17. Bxb4 Nxb4 18. Qd2 Qe7 19. axb5 axb5 20. Nxb5 Rxa1 21.
Rxa1 Rb8 22. Na3 Ra8 23. Be2 Nxd3 24. Qxd3 Rxa3 25. Rxa3 Qxa3 26. Qb5 Qd6 27.
f4 Nxe4 28. Qe8+ Qf8 29. Qxe5 Nxg3 30. Bd3 g6 31. Qxd4 Qb8 32. Bc4 Nf5 33. Qe5
0-1

[Event "7. Festival GEMA - Cerrado GM"]
[Site "Mondariz-Balneario ESP"]
[Date "2007.12.26"]
[Round "1.5"]
[White "Franco Ocampos, Zenon"]
[Black "Paunovic, Dragan"]
[Result "1/2-1/2"]
[WhiteElo "2516"]
[BlackElo "2535"]
[PlyCount "32"]
[EventDate "2007.12.26"]
[EventType "tourn"]
[EventRounds "9"]
[EventCountry "ESP"]
[Source "lmi"]
[SourceDate "2007.12.26"]

1. d4 Nf6 2. c4 g6 3. Nc3 Bg7 4. e4 d6 5. Be2 O-O 6. Nf3 c5 7. O-O cxd4 8. Nxd4
Nc6 9. Be3 Bd7 10. Qd2 Nxd4 11. Bxd4 Bc6 12. f3 Nd7 13. Rfd1 Bxd4+ 14. Qxd4 Qb6
15. b3 Qxd4+ 16. Rxd4 a5 1/2-1/2

[Event "7. Festival GEMA - Cerrado GM"]
[Site "Mondariz-Balneario ESP"]
[Date "2007.12.27"]
[Round "2.1"]
[White "Hernando Rodrigo, Jose Maria"]
[Black "Paunovic, Dragan"]
[Result "0-1"]
[WhiteElo "2359"]
[BlackElo "2535"]
[PlyCount "96"]
[EventDate "2007.12.26"]
[EventType "tourn"]
[EventRounds "9"]
[EventCountry "ESP"]
[Source "lmi"]
[SourceDate "2007.12.26"]

1. d4 d6 2. c4 e5 3. dxe5 dxe5 4. Qxd8+ Kxd8 5. f4 exf4 6. Bxf4 Be6 7. Nc3 c6
8. O-O-O+ Nd7 9. Nf3 Ngf6 10. Ng5 Bb4 11. Nxe6+ fxe6 12. g3 Ke7 13. Bh3 Rad8
14. a3 Bxc3 15. Bd6+ Kf7 16. bxc3 Nb6 17. c5 Nc4 18. Rd4 Nxd6 19. Rhd1 h5 20.
c4 h4 21. gxh4 e5 22. Rxd6 Rde8 23. Bd7 Re7 24. Bf5 g6 25. Bc2 Rxh4 26. Rg1 Rh6
27. h4 Rd7 28. Rg5 Rxd6 29. cxd6 Nd7 30. Kd2 Rxh4 31. Rxg6 Rxc4 32. Rh6 Rd4+
33. Kc3 Nf6 34. Rh8 Rxd6 35. Ra8 Nd5+ 36. Kb3 a6 37. Bf5 Ne7 38. Bd3 Ke6 39.
Kb4 Kd7 40. Ra7 Kc7 41. Bxa6 c5+ 42. Kxc5 Rxa6 43. Rxa6 bxa6 44. e4 a5 45. Kb5
Ng8 46. Kxa5 Nf6 47. Kb5 Nxe4 48. Kc4 Nd6+ 0-1

[Event "7. Festival GEMA - Cerrado GM"]
[Site "Mondariz-Balneario ESP"]
[Date "2007.12.27"]
[Round "2.2"]
[White "Ortega Hermida, Daniel"]
[Black "Franco Ocampos, Zenon"]
[Result "1/2-1/2"]
[WhiteElo "2389"]
[BlackElo "2516"]
[PlyCount "33"]
[EventDate "2007.12.26"]
[EventType "tourn"]
[EventRounds "9"]
[EventCountry "ESP"]
[Source "lmi"]
[SourceDate "2007.12.26"]

1. d4 Nf6 2. Nf3 e6 3. c4 b6 4. a3 Ba6 5. e3 d5 6. b3 Be7 7. Bd3 O-O 8. O-O
dxc4 9. bxc4 c5 10. Bb2 Nc6 11. Qe2 Re8 12. Rd1 cxd4 13. exd4 Bf8 14. Nbd2 Rc8
15. Nf1 g6 16. Ne3 Bg7 17. d5 1/2-1/2

[Event "7. Festival GEMA - Cerrado GM"]
[Site "Mondariz-Balneario ESP"]
[Date "2007.12.27"]
[Round "2.4"]
[White "Vega Gutierrez, Sabrina"]
[Black "Larino Nieto, David"]
[Result "0-1"]
[WhiteElo "2331"]
[BlackElo "2428"]
[PlyCount "52"]
[EventDate "2007.12.26"]
[EventType "tourn"]
[EventRounds "9"]
[EventCountry "ESP"]
[Source "lmi"]
[SourceDate "2007.12.26"]

1. e4 e6 2. d4 d5 3. Nc3 Nf6 4. e5 Nfd7 5. Nf3 b6 6. Bg5 f6 7. exf6 gxf6 8. Bf4
Bg7 9. Nb5 Na6 10. Nh4 O-O 11. Bd3 Rf7 12. Qh5 Nf8 13. O-O-O e5 14. Be3 Nb4 15.
Bf5 Nxa2+ 16. Kb1 a6 17. Na3 Nb4 18. g4 Nc6 19. g5 fxg5 20. Bxg5 Qe8 21. Qg4
Nxd4 22. Rxd4 exd4 23. Rg1 Ng6 24. f4 Rxf5 25. Nxf5 Qf7 26. Bh6 Bxf5 0-1

[Event "7. Festival GEMA - Cerrado GM"]
[Site "Mondariz-Balneario ESP"]
[Date "2007.12.27"]
[Round "2.5"]
[White "Suarez Pousa, Diego"]
[Black "Zhao, Zong-Yuan"]
[Result "0-1"]
[WhiteElo "2406"]
[BlackElo "2491"]
[PlyCount "95"]
[EventDate "2007.12.26"]
[EventType "tourn"]
[EventRounds "9"]
[EventCountry "ESP"]
[Source "lmi"]
[SourceDate "2007.12.26"]

1. e4 e5 2. Nf3 Nc6 3. Bb5 a6 4. Ba4 Nf6 5. d3 b5 6. Bb3 Be7 7. c3 O-O 8. Nbd2
Re8 9. Ng5 Rf8 10. f4 exf4 11. O-O d5 12. Rxf4 h6 13. Nh3 Bd6 14. Rf1 dxe4 15.
Nxe4 Nxe4 16. dxe4 Ne5 17. Bf4 Qe7 18. Qe1 Bxh3 19. gxh3 Nd3 20. Bxd6 Qxd6 21.
Qg3 Qxg3+ 22. hxg3 Nxb2 23. Rf5 Rae8 24. Rb1 Nd3 25. Rd1 Rd8 26. Bd5 g6 27. Rf6
Ne5 28. Rb1 c6 29. Bxc6 Kg7 30. Rbf1 Rd3 31. Bd5 Rxg3+ 32. Kh2 Rxc3 33. Rxa6
Rfc8 34. Ra7 R8c7 35. Rxc7 Rxc7 36. Rb1 Rc5 37. Kg3 g5 38. Kf2 Kf6 39. Ke3 Rc3+
40. Kd4 Rxh3 41. Kc5 g4 42. Kxb5 Ra3 43. Kb4 Ra7 44. Rf1+ Kg5 45. Kc5 h5 46.
Kd6 f6 47. Bb3 Nf3 48. Kd5 0-1

[Event "7. Festival GEMA - Cerrado GM"]
[Site "Mondariz-Balneario ESP"]
[Date "2007.12.28"]
[Round "3.1"]
[White "Zhao, Zong-Yuan"]
[Black "Hernando Rodrigo, Jose Maria"]
[Result "1/2-1/2"]
[WhiteElo "2491"]
[BlackElo "2359"]
[PlyCount "31"]
[EventDate "2007.12.26"]
[EventType "tourn"]
[EventRounds "9"]
[EventCountry "ESP"]
[Source "lmi"]
[SourceDate "2007.12.26"]

1. d4 d5 2. Nf3 Nf6 3. c4 c6 4. Nc3 a6 5. c5 g6 6. Bf4 Nh5 7. Bg5 Bg7 8. e3 Nd7
9. Nd2 O-O 10. Be2 f6 11. Bh4 Qe8 12. O-O e5 13. b4 f5 14. Bxh5 gxh5 15. Ne2 f4
16. Qb3 1/2-1/2

[Event "7. Festival GEMA - Cerrado GM"]
[Site "Mondariz-Balneario ESP"]
[Date "2007.12.28"]
[Round "3.2"]
[White "Larino Nieto, David"]
[Black "Suarez Pousa, Diego"]
[Result "1-0"]
[WhiteElo "2428"]
[BlackElo "2406"]
[PlyCount "93"]
[EventDate "2007.12.26"]
[EventType "tourn"]
[EventRounds "9"]
[EventCountry "ESP"]
[Source "lmi"]
[SourceDate "2007.12.26"]

1. e4 e5 2. Nf3 Nc6 3. Bb5 a6 4. Bxc6 dxc6 5. O-O f6 6. d4 Bg4 7. dxe5 Qxd1 8.
Rxd1 fxe5 9. Rd3 Bxf3 10. Rxf3 Bc5 11. Bg5 h6 12. Bh4 Ne7 13. Nd2 Ng6 14. Bg3
Rd8 15. Nc4 Rf8 16. Rxf8+ Kxf8 17. Rc1 Rd4 18. Nxe5 Nxe5 19. Bxe5 Rxe4 20. Bxc7
Re2 21. Bg3 Bd4 22. c3 Bf6 23. Rb1 h5 24. Kf1 Rd2 25. Bf4 Rd5 26. Ke2 Ra5 27.
a3 Bg5 28. Bc7 Rd5 29. Rd1 Rb5 30. b4 Ke8 31. f4 Bf6 32. Rd3 Rf5 33. h3 Be7 34.
Be5 Rf7 35. Rg3 Kf8 36. Rg6 a5 37. Kd3 axb4 38. axb4 Kg8 39. Ke4 Kh7 40. f5 Bf6
41. Bxf6 gxf6 42. Kf4 b6 43. Kg3 Rd7 44. Rxf6 Rd3+ 45. Kh4 Rxc3 46. Kxh5 Rg3
47. Rg6 1-0

[Event "7. Festival GEMA - Cerrado GM"]
[Site "Mondariz-Balneario ESP"]
[Date "2007.12.28"]
[Round "3.3"]
[White "Movsziszian, Karen"]
[Black "Vega Gutierrez, Sabrina"]
[Result "1/2-1/2"]
[WhiteElo "2531"]
[BlackElo "2331"]
[PlyCount "108"]
[EventDate "2007.12.26"]
[EventType "tourn"]
[EventRounds "9"]
[EventCountry "ESP"]
[Source "lmi"]
[SourceDate "2007.12.26"]

1. d3 d5 2. g3 c6 3. Bg2 e5 4. Nf3 Bd6 5. O-O Nf6 6. c4 O-O 7. Nc3 Nbd7 8. b3
Re8 9. Qc2 Qe7 10. cxd5 Nxd5 11. a3 N7f6 12. e4 Nxc3 13. Qxc3 Bg4 14. b4 Bxf3
15. Bxf3 a5 16. Rb1 axb4 17. axb4 Ra4 18. Bd2 Rea8 19. Bd1 Ra3 20. Bb3 Bc7 21.
f4 Bb6+ 22. Kg2 Bd4 23. Qc4 Qd7 24. fxe5 b5 25. Qc2 Bxe5 26. Rf5 Bd4 27. Rbf1
Ra1 28. Bc1 Qd6 29. Bf4 Qd7 30. Bg5 Rxf1 31. Rxf1 Ra1 32. Rxa1 Bxa1 33. Qa2 h6
34. Bf4 Bc3 35. Qa8+ Kh7 36. Bc2 Qg4 37. Qa7 Qe2+ 38. Qf2 Qxf2+ 39. Kxf2 Bxb4
40. d4 Kg8 41. Kf3 Kf8 42. Bb3 Ke7 43. h4 Nd7 44. g4 f6 45. g5 hxg5 46. hxg5 c5
47. dxc5 Nxc5 48. Bd5 Bc3 49. g6 b4 50. Be3 Kd6 51. Bxc5+ Kxc5 52. Ke3 f5 53.
Bb3 Bd4+ 54. Kf4 fxe4 1/2-1/2

[Event "7. Festival GEMA - Cerrado GM"]
[Site "Mondariz-Balneario ESP"]
[Date "2007.12.28"]
[Round "3.4"]
[White "Franco Ocampos, Zenon"]
[Black "Galego, Luis"]
[Result "1/2-1/2"]
[WhiteElo "2516"]
[BlackElo "2530"]
[PlyCount "35"]
[EventDate "2007.12.26"]
[EventType "tourn"]
[EventRounds "9"]
[EventCountry "ESP"]
[Source "lmi"]
[SourceDate "2007.12.26"]

1. d4 Nf6 2. Nf3 e6 3. e3 c5 4. Bd3 d5 5. b3 Nc6 6. Bb2 cxd4 7. exd4 Bb4+ 8. c3
Bd6 9. O-O O-O 10. c4 dxc4 11. bxc4 Nb4 12. Be2 b6 13. Nc3 Bb7 14. Re1 Re8 15.
a3 Nc6 16. d5 exd5 17. Nxd5 Ne5 18. Qb3 1/2-1/2

[Event "7. Festival GEMA - Cerrado GM"]
[Site "Mondariz-Balneario ESP"]
[Date "2007.12.28"]
[Round "3.5"]
[White "Paunovic, Dragan"]
[Black "Ortega Hermida, Daniel"]
[Result "1/2-1/2"]
[WhiteElo "2535"]
[BlackElo "2389"]
[PlyCount "95"]
[EventDate "2007.12.26"]
[EventType "tourn"]
[EventRounds "9"]
[EventCountry "ESP"]
[Source "lmi"]
[SourceDate "2007.12.26"]

1. Nf3 Nf6 2. g3 g6 3. Bg2 Bg7 4. c4 O-O 5. O-O d6 6. Nc3 Nc6 7. d3 a6 8. Bd2
Rb8 9. Rb1 b5 10. cxb5 axb5 11. b4 e5 12. a4 bxa4 13. Qxa4 Nd4 14. b5 Bb7 15.
Rfc1 Nxf3+ 16. Bxf3 Bxf3 17. exf3 h6 18. Ne4 Ne8 19. Ba5 Rb7 20. Rc6 f5 21. Nc3
f4 22. Nd5 fxg3 23. hxg3 Rxf3 24. b6 cxb6 25. Rcxb6 Rxb6 26. Bxb6 Qb8 27. Qe4
Rf7 28. Ra1 Kh7 29. Ra8 Qxa8 30. Nf6+ Nxf6 31. Qxa8 d5 32. Qc8 e4 33. dxe4 Nxe4
34. Qe8 Rf8 35. Qe7 Kh8 36. Bd4 Rg8 37. Bxg7+ Rxg7 38. Qd8+ Kh7 39. Qxd5 Nf6
40. Qe6 Ng8 41. f4 h5 42. Kg2 Nh6 43. Kf3 Rf7 44. Qb6 Rf5 45. Ke4 Nf7 46. Qc7
Kg7 47. Qe7 Kh7 48. Qd7 1/2-1/2

[Event "7. Festival GEMA - Cerrado GM"]
[Site "Mondariz-Balneario ESP"]
[Date "2007.12.29"]
[Round "4.1"]
[White "Hernando Rodrigo, Jose Maria"]
[Black "Ortega Hermida, Daniel"]
[Result "1-0"]
[WhiteElo "2359"]
[BlackElo "2389"]
[PlyCount "113"]
[EventDate "2007.12.26"]
[EventType "tourn"]
[EventRounds "9"]
[EventCountry "ESP"]
[Source "lmi"]
[SourceDate "2007.12.26"]

1. d4 Nf6 2. c4 Nc6 3. Nf3 e6 4. a3 d6 5. Nc3 g6 6. d5 Ne7 7. e4 Bg7 8. Be2 O-O
9. O-O h6 10. Rb1 c6 11. c5 cxd5 12. cxd6 Nc6 13. exd5 exd5 14. Bf4 Be6 15. h3
a6 16. Qd2 g5 17. Bh2 d4 18. Nxd4 Nxd4 19. Qxd4 Ng4 20. Qb4 Nxh2 21. Kxh2 Be5+
22. Kg1 Qxd6 23. Qxb7 Bxc3 24. bxc3 Qxa3 25. Qf3 Rfc8 26. Qf6 Qxc3 27. Qxh6 Qg7
28. Qh5 Rc5 29. Qf3 Rcc8 30. Qe3 Bf5 31. Rb6 Re8 32. Qf3 Be4 33. Qg3 Qe5 34.
Qg4 Bg6 35. Rxa6 Rxa6 36. Bxa6 Kg7 37. Qf3 Re6 38. Qa3 Be4 39. Re1 Qd5 40. Qc3+
Rf6 41. f3 Bf5 42. Re5 Qd6 43. Bf1 Qb6+ 44. Kh1 Qf2 45. Bd3 Bxd3 46. Qxd3 Qg3
47. Qe3 Rg6 48. Qd4 Kh7 49. Re7 Rg7 50. Qe4+ Kh6 51. Re8 Rg6 52. Qd4 f6 53. Qd7
Rg7 54. Rh8+ Kg6 55. Qe8+ Rf7 56. Rf8 Qc7 57. Qxf7+ 1-0

[Event "7. Festival GEMA - Cerrado GM"]
[Site "Mondariz-Balneario ESP"]
[Date "2007.12.29"]
[Round "4.3"]
[White "Vega Gutierrez, Sabrina"]
[Black "Franco Ocampos, Zenon"]
[Result "1/2-1/2"]
[WhiteElo "2331"]
[BlackElo "2516"]
[PlyCount "76"]
[EventDate "2007.12.26"]
[EventType "tourn"]
[EventRounds "9"]
[EventCountry "ESP"]
[Source "lmi"]
[SourceDate "2007.12.26"]

1. e4 c5 2. Nf3 Nc6 3. d4 cxd4 4. Nxd4 Nf6 5. Nc3 d6 6. Be2 g6 7. O-O Bg7 8.
Nb3 O-O 9. Re1 a6 10. Bf1 b5 11. Nd5 Bb7 12. c3 e6 13. Nxf6+ Bxf6 14. Bf4 Ne5
15. a4 g5 16. Bg3 Qb6 17. Nd4 Bc6 18. axb5 axb5 19. Rxa8 Rxa8 20. Nf3 Qc5 21.
Nxe5 dxe5 22. h4 h6 23. Qf3 Kg7 24. b4 Qb6 25. hxg5 hxg5 26. Qe3 Qxe3 27. Rxe3
Ra1 28. f3 Rc1 29. Kf2 Kg6 30. Rd3 Bg7 31. Be2 f6 32. Bd1 Kf7 33. Ke2 g4 34.
Bf2 Bh6 35. Bc5 Ke8 36. Bb3 g3 37. Bxe6 Rc2+ 38. Kf1 Rc1+ 1/2-1/2

[Event "7. Festival GEMA - Cerrado GM"]
[Site "Mondariz-Balneario ESP"]
[Date "2007.12.29"]
[Round "4.4"]
[White "Suarez Pousa, Diego"]
[Black "Movsziszian, Karen"]
[Result "1-0"]
[WhiteElo "2406"]
[BlackElo "2531"]
[PlyCount "98"]
[EventDate "2007.12.26"]
[EventType "tourn"]
[EventRounds "9"]
[EventCountry "ESP"]
[Source "lmi"]
[SourceDate "2007.12.26"]

1. e4 g6 2. d4 Bg7 3. Nc3 c6 4. Be3 Qb6 5. Qd2 Qxb2 6. Rb1 Qa3 7. f4 Nf6 8. Nf3
d5 9. Rb3 Qa5 10. e5 Ng4 11. Bg1 h5 12. Bd3 Na6 13. a3 Nh6 14. Ng5 Nc7 15. Bf2
b5 16. O-O Ne6 17. Nf3 a6 18. h3 Bd7 19. Nh4 Rc8 20. Nxg6 fxg6 21. Bxg6+ Kd8
22. f5 Nf8 23. f6 exf6 24. exf6 Bxf6 25. Bg3 Be7 26. Rxf8+ Rxf8 27. Qxh6 Qb6
28. Ne2 c5 29. Bh4 Rg8 30. Bxe7+ Kxe7 31. Qg5+ Kd6 32. Qe5+ Kc6 33. Bf7 Kb7 34.
Bxg8 Ka7 35. Bxd5 Re8 36. dxc5 Qxc5+ 37. Qd4 Kb6 38. Qxc5+ Kxc5 39. Bf3 h4 40.
Kf2 a5 41. Rc3+ Kb6 42. Rd3 Re7 43. Rd6+ Kc5 44. Rd5+ Kc4 45. Rd4+ Kc5 46. Rxh4
Rg7 47. Rh5+ Kb6 48. Re5 b4 49. axb4 axb4 1-0

[Event "7. Festival GEMA - Cerrado GM"]
[Site "Mondariz-Balneario ESP"]
[Date "2007.12.29"]
[Round "4.5"]
[White "Zhao, Zong-Yuan"]
[Black "Larino Nieto, David"]
[Result "1-0"]
[WhiteElo "2491"]
[BlackElo "2428"]
[PlyCount "91"]
[EventDate "2007.12.26"]
[EventType "tourn"]
[EventRounds "9"]
[EventCountry "ESP"]
[Source "lmi"]
[SourceDate "2007.12.26"]

1. e4 e6 2. d4 d5 3. Nc3 dxe4 4. Nxe4 Bd7 5. Nf3 Bc6 6. Bd3 Nd7 7. O-O Ngf6 8.
Ng3 Bd6 9. Re1 Bxf3 10. Qxf3 c6 11. Nf5 Bf8 12. Bf4 Nd5 13. Nd6+ Bxd6 14. Bxd6
N7f6 15. Qg3 Nh5 16. Qe5 Nhf6 17. c4 Nb6 18. d5 Nbd7 19. Qg5 Nf8 20. Ba3 Rg8
21. dxc6 bxc6 22. Qc5 Qc7 23. Bc2 O-O-O 24. Ba4 Kb7 25. Bd1 Qb6 26. Bf3 Ng6 27.
g3 Rd3 28. Bg2 Rgd8 29. Qb5 Kc7 30. Qa4 R8d4 31. Rac1 Rd2 32. Rf1 a5 33. b4 Ne4
34. bxa5 Qa6 35. Qb4 Nd6 36. Rb1 Nb7 37. Bb2 Rd6 38. c5 Rd8 39. Qb6+ Qxb6 40.
cxb6+ Kb8 41. a6 Nc5 42. a7+ Kb7 43. Rfc1 Nd3 44. Rxc6 Rxb2 45. Rxb2 Nxb2 46.
Rd6+ 1-0

[Event "7. Festival GEMA - Cerrado GM"]
[Site "Mondariz-Balneario ESP"]
[Date "2007.12.30"]
[Round "5.2"]
[White "Movsziszian, Karen"]
[Black "Zhao, Zong-Yuan"]
[Result "0-1"]
[WhiteElo "2531"]
[BlackElo "2491"]
[PlyCount "98"]
[EventDate "2007.12.26"]
[EventType "tourn"]
[EventRounds "9"]
[EventCountry "ESP"]
[Source "lmi"]
[SourceDate "2007.12.26"]

1. e4 e5 2. Nf3 Nc6 3. Bb5 a6 4. Ba4 Nf6 5. d3 b5 6. Bb3 Be7 7. O-O O-O 8. Re1
d6 9. c3 Na5 10. Bc2 c5 11. Nbd2 Nc6 12. Nf1 Re8 13. h3 Bf8 14. N3h2 Bb7 15.
Qf3 h6 16. Ne3 Bc8 17. a4 b4 18. Nf5 Rb8 19. g4 bxc3 20. bxc3 Nh7 21. Ra3 Be6
22. Nf1 Be7 23. Nxe7+ Nxe7 24. h4 Ng6 25. h5 Nf4 26. Bxf4 Qf6 27. d4 exf4 28.
e5 Ng5 29. Qg2 dxe5 30. dxe5 Qd8 31. f3 Rb2 32. Re2 Kf8 33. Kh2 Bc4 34. Rf2
Rxe5 35. Ra1 Qe7 36. Rd1 Re2 37. Rd2 Re3 38. Bd1 Bxf1 39. Rxb2 Bxg2 40. Rb8+
Qe8 41. Rxe8+ Kxe8 42. Kxg2 Rxc3 43. Rb2 Ne6 44. Rb8+ Kd7 45. Ra8 c4 46. Rxa6
Rc1 47. Ra7+ Kd6 48. Be2 Nd4 49. Ra6+ Kc5 0-1

[Event "7. Festival GEMA - Cerrado GM"]
[Site "Mondariz-Balneario ESP"]
[Date "2007.12.30"]
[Round "5.3"]
[White "Franco Ocampos, Zenon"]
[Black "Suarez Pousa, Diego"]
[Result "1/2-1/2"]
[WhiteElo "2516"]
[BlackElo "2406"]
[PlyCount "89"]
[EventDate "2007.12.26"]
[EventType "tourn"]
[EventRounds "9"]
[EventCountry "ESP"]
[Source "lmi"]
[SourceDate "2007.12.26"]

1. c4 Nf6 2. Nc3 e6 3. e4 d5 4. e5 Ne4 5. Nf3 b6 6. Qc2 Bb7 7. cxd5 Nxc3 8.
dxc3 Qxd5 9. Bf4 Be7 10. Rd1 Qe4+ 11. Qxe4 Bxe4 12. Nd4 a6 13. h4 O-O 14. Bg5
Re8 15. Bxe7 Rxe7 16. h5 Nd7 17. f4 Nc5 18. Rh3 Rd7 19. Re3 Bd5 20. b3 Bb7 21.
Nf3 Rxd1+ 22. Kxd1 Rd8+ 23. Ke1 Kf8 24. Nd4 Ke7 25. g4 Nd7 26. f5 c5 27. Ne2 b5
28. Nf4 Nb6 29. h6 gxh6 30. Rh3 Be4 31. fxe6 Nd5 32. Nxd5+ Bxd5 33. exf7 Bxf7
34. Rxh6 Bg6 35. Rh3 b4 36. cxb4 cxb4 37. Bxa6 Rd4 38. Be2 Re4 39. Kd2 Rxe5 40.
Rf3 Re4 41. Rd3 Ke6 42. Rd8 Ke5 43. Rb8 Kf4 44. Rf8+ Kg5 45. Rd8 1/2-1/2

[Event "7. Festival GEMA - Cerrado GM"]
[Site "Mondariz-Balneario ESP"]
[Date "2007.12.30"]
[Round "5.5"]
[White "Ortega Hermida, Daniel"]
[Black "Galego, Luis"]
[Result "1/2-1/2"]
[WhiteElo "2389"]
[BlackElo "2530"]
[PlyCount "66"]
[EventDate "2007.12.26"]
[EventType "tourn"]
[EventRounds "9"]
[EventCountry "ESP"]
[Source "lmi"]
[SourceDate "2007.12.26"]

1. d4 Nf6 2. Nf3 e6 3. c4 Bb4+ 4. Bd2 c5 5. Bxb4 cxb4 6. Qd3 O-O 7. Nbd2 d6 8.
e4 a5 9. Be2 Qe7 10. O-O Rd8 11. Rfe1 e5 12. Nf1 Bg4 13. N3d2 Bxe2 14. Rxe2 Nc6
15. Nf3 Nh5 16. Qe3 Rac8 17. b3 g6 18. Rd1 Re8 19. Qh6 Qf6 20. Ne3 Nf4 21. Red2
Qg7 22. Qh4 Nxd4 23. Nxd4 exd4 24. Qxf4 dxe3 25. Qxe3 Rc6 26. Qg5 Qc3 27. Kf1
Kg7 28. Qd5 Re6 29. Qd4+ Qxd4 30. Rxd4 Ra6 31. R1d2 Kf6 32. Rd5 Rb6 33. R2d4
Ke7 1/2-1/2

[Event "7. Festival GEMA - Cerrado GM"]
[Site "Mondariz-Balneario ESP"]
[Date "2008.01.02"]
[Round "6.1"]
[White "Hernando Rodrigo, Jose Maria"]
[Black "Galego, Luis"]
[Result "0-1"]
[WhiteElo "2359"]
[BlackElo "2530"]
[PlyCount "95"]
[EventDate "2007.12.26"]
[EventType "tourn"]
[EventRounds "9"]
[EventCountry "ESP"]
[Source "lmi"]
[SourceDate "2007.12.26"]

1. d4 Nf6 2. c4 e6 3. Nf3 Bb4+ 4. Nbd2 d5 5. Qa4+ Nc6 6. a3 Bxd2+ 7. Bxd2 O-O
8. Bg5 h6 9. Bxf6 Qxf6 10. cxd5 exd5 11. e3 Bg4 12. Be2 Bxf3 13. Bxf3 Ne7 14.
Qb3 Qd6 15. O-O Rab8 16. a4 c6 17. Qa3 Qxa3 18. Rxa3 f5 19. g3 a5 20. Rb1 Nc8
21. b4 axb4 22. Rxb4 Nd6 23. a5 Ra8 24. a6 b5 25. a7 Rfc8 26. Ra6 Ne4 27. Rb2
Rc7 28. Rc2 Raxa7 29. Rxa7 Rxa7 30. Rxc6 Rb7 31. Bd1 b4 32. Bb3 Rb5 33. f3 Nd2
34. Rc5 Rxc5 35. dxc5 Kf8 36. c6 Ke7 37. Bxd5 b3 38. c7 b2 39. Ba2 Kd7 40. Kf2
Kxc7 41. e4 fxe4 42. Ke3 Nxf3 43. h4 Kd6 44. Kxe4 Nd2+ 45. Kf4 g5+ 46. Ke3 b1=Q
47. Bxb1 Nxb1 48. Kf3 0-1

[Event "7. Festival GEMA - Cerrado GM"]
[Site "Mondariz-Balneario ESP"]
[Date "2008.01.02"]
[Round "6.2"]
[White "Vega Gutierrez, Sabrina"]
[Black "Ortega Hermida, Daniel"]
[Result "0-1"]
[WhiteElo "2331"]
[BlackElo "2389"]
[PlyCount "112"]
[EventDate "2007.12.26"]
[EventType "tourn"]
[EventRounds "9"]
[EventCountry "ESP"]
[Source "lmi"]
[SourceDate "2007.12.26"]

1. e4 c5 2. Nc3 e6 3. Nf3 a6 4. d4 cxd4 5. Nxd4 Qc7 6. f4 Nc6 7. Be3 b5 8. Bd3
Bb7 9. Qf3 Nf6 10. g4 h5 11. g5 Ng4 12. Bg1 Nxd4 13. Bxd4 Bc5 14. Bxc5 Qxc5 15.
h3 Ne3 16. Qf2 Rc8 17. Ke2 Nxc2 18. Qxc5 Rxc5 19. Bxc2 b4 20. Rhb1 Ke7 21. Bd3
bxc3 22. bxc3 Bc6 23. Rb3 a5 24. a4 f6 25. h4 fxg5 26. fxg5 Rf8 27. Ke3 e5 28.
Rba3 Rf4 29. Rh1 d5 30. exd5 Bxd5 31. Rh3 Bg2 32. Rh2 Bc6 33. Be2 g6 34. c4 Ke6
35. Ra1 Be8 36. Bd3 Rc7 37. Rf1 Rxf1 38. Bxf1 Bxa4 39. Ra2 Bb3 40. Rxa5 Bxc4
41. Bxc4+ Rxc4 42. Ra6+ Kf5 43. Rf6+ Kg4 44. Rxg6 Kxh4 45. Re6 Kg3 46. g6 h4
47. Rxe5 Rg4 48. Rf5 h3 49. Rf3+ Kg2 50. Ke2 Re4+ 51. Re3 Rg4 52. Rf3 Rxg6 53.
Rf2+ Kg3 54. Rf3+ Kh2 55. Kf2 Ra6 56. Rb3 Rf6+ 0-1

[Event "7. Festival GEMA - Cerrado GM"]
[Site "Mondariz-Balneario ESP"]
[Date "2008.01.02"]
[Round "6.3"]
[White "Suarez Pousa, Diego"]
[Black "Paunovic, Dragan"]
[Result "1-0"]
[WhiteElo "2406"]
[BlackElo "2535"]
[PlyCount "57"]
[EventDate "2007.12.26"]
[EventType "tourn"]
[EventRounds "9"]
[EventCountry "ESP"]
[Source "lmi"]
[SourceDate "2007.12.26"]

1. e4 c5 2. Nc3 e6 3. Nf3 a6 4. d4 cxd4 5. Nxd4 Qc7 6. Bd3 Nf6 7. f4 b5 8. e5
b4 9. Nce2 Nd5 10. Be4 Bb7 11. Qd3 d6 12. exd6 Bxd6 13. f5 Nd7 14. fxe6 Nc5 15.
exf7+ Qxf7 16. Qf3 Nxe4 17. Qxe4+ Qe7 18. Nf5 Qxe4 19. Nxd6+ Kd7 20. Nxe4 Rac8
21. O-O Rhe8 22. Rf7+ Re7 23. Rxe7+ Kxe7 24. Bg5+ Nf6 25. Re1 Bxe4 26. Ng3 Rxc2
27. Rxe4+ Kf7 28. Bxf6 gxf6 29. Rxb4 1-0

[Event "7. Festival GEMA - Cerrado GM"]
[Site "Mondariz-Balneario ESP"]
[Date "2008.01.02"]
[Round "6.5"]
[White "Larino Nieto, David"]
[Black "Movsziszian, Karen"]
[Result "1/2-1/2"]
[WhiteElo "2428"]
[BlackElo "2531"]
[PlyCount "33"]
[EventDate "2007.12.26"]
[EventType "tourn"]
[EventRounds "9"]
[EventCountry "ESP"]
[Source "lmi"]
[SourceDate "2007.12.26"]

1. e4 d6 2. d4 Nf6 3. Nc3 g6 4. Bg5 Bg7 5. e5 dxe5 6. dxe5 Ng4 7. Qxd8+ Kxd8 8.
Rd1+ Bd7 9. e6 fxe6 10. Nf3 Nc6 11. Ne4 Ke8 12. Nc5 Bc8 13. Bb5 Bxb2 14. O-O
Ba3 15. Bxc6+ bxc6 16. Nd3 h6 17. Bd2 1/2-1/2